00955pam a2200277 a 4500001000800000005001700008008004100025020002600066020002700092040001800119082002000137100001900157245008200176260008300258300001800341650001600359650001600375650002200391650001900413650001600432856006300448856005500511942000600566952009200572999001300664252492220240306233923.0930923s1994 enkb b 001 0 eng  a0521418682 (hardback) a0521429269 (paperback) aDLCcDLCdDLC00a323.4220bBIN.1 aAgarwal, Bina.12aA field of one's own :bgender and land rights in South Asia /cBina Agarwal. aCambridge [England] ;aNew York, NY, USA :bCambridge University Press,c1994. axxi, 572 p. : 0aLand tenure 0aLand reform 0aRight of property 0aWomen's rights 0aRural women42uhttp://www.loc.gov/catdir/description/cam026/93037621.html41uhttp://www.loc.gov/catdir/toc/cam022/93037621.html cL 001040708LaWERCLbWERCLd2024-03-07l0o323.4 BIN.p6949r2024-03-06w2024-03-06yL c551d551